00767nam a22002177a 450000500170000001000140001702000260003103500130005703700130007008200060008310000320008924500820012126000520020327000530025530000220030870000250033070000270035594200200038299900170040295201300041920100812100051.0 aENG-99776 a9788185984339c295.00 aEN-83308 bDBAD/PUB aN dGoldratt, Eliyahu M.911904 aIsn't it obvious? /cby Eliyathu M. Goldratt, Ilan Eshkoli and Joe Leer Brown aMadrasbProductivity & Quality Publishingc2009 a38, Thanikachalam Road, T. NagarbMadrase600017 a151p.c23cm (pbk) aEshkoli, Ilan911424 aBrown, Joe Leer911425 2ddccENhNmGOL c41203d41203 001040718FICaDBADbDBADd2010-08-12eDBAD/PUBg295.00l0oN GOLpEN-83308r2010-08-12 00:00:00t1v295.00w2010-08-12yEN